[Event "C.to Provinciale BG"]
[Site "Bergamo ITA"]
[Date "2003.11.21"]
[Round "7"]
[White "Stefanelli, Alfredo"]
[Black "Mora, Paolo"]
[Result "0-1"]
[WhiteElo "1663"]
[BlackElo "2014"]
[PlyCount "134"]
[EventDate "2003.10.10"]

1. d4 Nf6 2. c4 c5 3. d5 e5 4. Nc3 d6 5. e4 Be7 6. Nf3 Nbd7 7. Be2 O-O 8. O-O
Ne8 9. Ne1 Bg5 10. Nd3 g6 11. f4 exf4 12. Bxf4 Bxf4 13. Rxf4 Qe7 14. Qd2 a6 15.
Raf1 b5 16. cxb5 axb5 17. Nxb5 Rxa2 18. Na3 Ba6 19. Qc3 Bxd3 20. Bxd3 Ne5 21.
Bb1 Ra1 22. b4 cxb4 23. Qxa1 Qa7+ 24. Kh1 bxa3 25. Qa2 Nc7 26. Rf6 Nb5 27. Qd2
Rc8 28. h4 Qc5 29. h5 Qc3 30. Qf4 Qc7 31. hxg6 hxg6 32. Qg5 Kg7 33. R6f2 Rh8+
34. Kg1 Qc5 35. Qf6+ Kg8 36. Qd8+ Kh7 37. Qh4+ Kg7 38. Qf4 Rc8 39. g3 Nc3 40.
Qf6+ Kf8 41. Kg2 Ke8 42. Bc2 Qc7 43. Rh1 Kd7 44. Rh7 Rf8 45. Qg7 Ke8 46. Rh8
Qe7 47. Rxf8+ Qxf8 48. Qf6 Qe7 49. Qh8+ Qf8 50. Qf6 a2 51. Ba4+ Nxa4 52. Rxa2
Nb6 53. Ra7 Ned7 54. Qd4 f6 55. Rb7 Qe7 56. Kh3 Qe5 57. Qe3 Qh5+ 58. Kg2 Qg5
59. Qc3 Qe5 60. Qe3 Nxd5 61. Qd3 N5b6 62. Qe3 d5 63. Rxb6 d4 64. Qb3 Qxe4+ 65.
Kh3 Qh1+ 66. Kg4 Qh5+ 67. Kf4 Qf5# 0-1

[Event "C.to Provinciale BG"]
[Site "Bergamo ITA"]
[Date "2003.11.21"]
[Round "7"]
[White "Villa, Claudio"]
[Black "Scarpellini, Felice"]
[Result "1-0"]
[WhiteElo "1728"]
[BlackElo "1648"]
[PlyCount "65"]
[EventDate "2003.10.10"]

1. b3 Nf6 2. Bb2 e6 3. c4 d5 4. e3 Be7 5. Nf3 O-O 6. Nc3 c5 7. d4 b6 8. Qc2 Bb7
9. Bd3 Nc6 10. a3 dxc4 11. Bxc4 Na5 12. Be2 Rc8 13. dxc5 bxc5 14. Rd1 Qb6 15.
Nd2 Bxg2 16. Rg1 Bd5 17. Nxd5 exd5 18. Be5 d4 19. Qf5 g6 20. Nc4 Nxc4 21. Bxc4
Qc6 22. Rxg6+ hxg6 23. Qxg6+ Kh8 24. Qh6+ Kg8 25. Qg5+ Kh8 26. Ke2 Qe4 27.
Bxf6+ Bxf6 28. Qxf6+ Kh7 29. Bd3 Qxd3+ 30. Kxd3 dxe3 31. Kxe3 Rfe8+ 32. Kf3 Rc7
33. Rg1 1-0

[Event "C.to Provinciale BG"]
[Site "Bergamo ITA"]
[Date "2003.11.28"]
[Round "8"]
[White "Begni, Carlo"]
[Black "Mora, Lorenzo"]
[Result "1/2-1/2"]
[WhiteElo "1461"]
[BlackElo "1705"]
[PlyCount "156"]
[EventDate "2003.10.10"]

1. e4 b6 2. d4 Bb7 3. Nc3 e6 4. Nge2 Nf6 5. Ng3 Bb4 6. Bd3 O-O 7. O-O c5 8.
dxc5 Bxc5 9. Be3 Bxe3 10. fxe3 Nc6 11. Nh5 Nxh5 12. Qxh5 Rc8 13. Rf2 Qe7 14. a3
Qc5 15. Qe2 Ne7 16. Raf1 d5 17. Kh1 dxe4 18. Nxe4 Bxe4 19. Bxe4 Qe5 20. Bd3
Qxb2 21. a4 h6 22. e4 Qd4 23. Bb5 Ng6 24. Rd1 Qc5 25. Rd7 e5 26. g3 Rc7 27.
Rxc7 Qxc7 28. Bc4 Ne7 29. Bb3 Nc6 30. Qc4 Qd7 31. Kg2 Nd4 32. Rd2 Qg4 33. Qd3
Nxb3 34. cxb3 f5 35. Qd5+ Kh7 36. Qxe5 Qxe4+ 37. Qxe4 fxe4 38. Re2 Re8 39. g4
g5 40. Rc2 Re7 41. Rc6 Rg7 42. Kf2 Rf7+ 43. Ke3 Rf3+ 44. Kxe4 Rxb3 45. Rc7+ Kg6
46. Rxa7 Rb4+ 47. Kf3 h5 48. h3 hxg4+ 49. hxg4 Kf6 50. a5 b5 51. Ra8 Rb3+ 52.
Ke4 Rg3 53. Ra6+ Kf7 54. Kf5 b4 55. Rb6 Ra3 56. Kxg5 Rxa5+ 57. Kh6 Ra1 58. Rxb4
Ra6+ 59. Kh5 Ra7 60. Rb6 Kg7 61. g5 Re7 62. Rg6+ Kh7 63. Ra6 Kg7 64. Kg4 Rd7
65. Re6 Rf7 66. Kh5 Rd7 67. Rg6+ Kh7 68. Re6 Kg7 69. Kg4 Rd4+ 70. Kf5 Rd5+ 71.
Re5 Rxe5+ 72. Kxe5 Kg6 73. Kf4 Kf7 74. Kf5 Kg7 75. g6 Kg8 76. Kg5 Kg7 77. Kh5
Kg8 78. Kh6 Kh8 1/2-1/2

[Event "C.to Provinciale BG"]
[Site "Bergamo ITA"]
[Date "2003.11.28"]
[Round "8"]
[White "Bertoletti, Vincenzo"]
[Black "Gualdi, Paolo"]
[Result "1-0"]
[WhiteElo "1338"]
[BlackElo "1413"]
[PlyCount "49"]
[EventDate "2003.10.10"]

1. d4 Nf6 2. Nf3 d5 3. Bf4 Nbd7 4. e3 e6 5. Bd3 Be7 6. O-O Ne4 7. Ne5 O-O 8. f3
Nef6 9. c3 Re8 10. Nd2 Nf8 11. e4 Bd6 12. Bg5 h6 13. Bh4 g5 14. Bf2 c6 15. Be3
Nh5 16. f4 f6 17. Qxh5 fxe5 18. fxe5 Bc7 19. Qxh6 Nh7 20. exd5 Qd7 21. Bxg5
Nxg5 22. Qxg5+ Qg7 23. Qh5 Bd7 24. Rf6 Qe7 25. Rg6+ 1-0

[Event "C.to Provinciale BG"]
[Site "Bergamo ITA"]
[Date "2003.11.28"]
[Round "8"]
[White "Biava, Pierluigi"]
[Black "Salvi, Gianpietro"]
[Result "1-0"]
[WhiteElo "1579"]
[BlackElo "1600"]
[PlyCount "49"]
[EventDate "2003.10.10"]

1. e4 c5 2. Nc3 e6 3. f4 d6 4. Nf3 Nf6 5. d3 Be7 6. Be2 O-O 7. O-O Nc6 8. Kh1
a6 9. a4 b6 10. Be3 Ng4 11. Bg1 f5 12. h3 fxe4 13. Nxe4 Nh6 14. Qd2 Nf5 15. Bh2
Bb7 16. Rae1 d5 17. Neg5 Qd7 18. Bd1 Rf6 19. c3 d4 20. cxd4 cxd4 21. Bb3 Ne3
22. Rxe3 Bb4 23. Rxe6 Rxe6 24. Qe2 Rae8 25. f5 1-0

[Event "C.to Provinciale BG"]
[Site "Bergamo ITA"]
[Date "2003.11.28"]
[Round "8"]
[White "Citerio, Fabio"]
[Black "Canova, Luca"]
[Result "0-1"]
[WhiteElo "1599"]
[BlackElo "1821"]
[PlyCount "155"]
[EventDate "2003.10.10"]

1. e4 e5 2. Nf3 Nc6 3. Nc3 Nf6 4. b3 Bc5 5. Bc4 O-O 6. O-O a6 7. a3 d6 8. h3 b5
9. Bd5 Nxd5 10. Nxd5 Ne7 11. Ne3 f5 12. exf5 Nxf5 13. Nxf5 Bxf5 14. d4 exd4 15.
Nxd4 Bxd4 16. Qxd4 Bxc2 17. Qd5+ Kh8 18. Bb2 Qd7 19. Rac1 Bf5 20. Rfe1 Rae8 21.
Rxe8 Rxe8 22. Bd4 c5 23. Be3 Be4 24. Qh5 Qe6 25. Rd1 Rc8 26. Bf4 d5 27. f3 Bf5
28. g4 Bd3 29. Be5 c4 30. Qg5 Rg8 31. Re1 Qg6 32. Qe3 h6 33. h4 Kh7 34. h5 Qg5
35. Bf4 Qf6 36. Kg2 d4 37. Qd2 Rf8 38. Kg3 Kh8 39. bxc4 bxc4 40. Re5 c3 41. Qc1
c2 42. Rc5 Bh7 43. Qd2 d3 44. Rc7 Qb6 45. Kg2 Qf6 46. Rc4 Qe6 47. Rc7 Qe2+ 48.
Qxe2 dxe2 49. Bd2 Rd8 50. Bb4 Rd1 51. Rc8+ Bg8 52. Rxc2 e1=Q 53. Bxe1 Rxe1 54.
Rc6 Re6 55. Rc3 Rb6 56. Kf2 Rb3 57. Rxb3 Bxb3 58. f4 Kg8 59. Ke3 Bd1 60. g5
Bxh5 61. Ke4 Kf7 62. Kf5 Bg6+ 63. Ke5 h5 64. f5 Bxf5 65. Kxf5 g6+ 66. Ke5 Ke7
67. Kd5 h4 68. Ke4 Ke6 69. Kf4 h3 70. Kg3 h2 71. Kxh2 Kf5 72. Kh3 Kxg5 73. Kg3
Kf5 74. Kf3 a5 75. a4 Ke5 76. Kg4 Kd4 77. Kg5 Kc4 78. Kxg6 0-1

[Event "C.to Provinciale BG"]
[Site "Bergamo ITA"]
[Date "2003.11.28"]
[Round "8"]
[White "Del Monte, Jorge Luis"]
[Black "Villa, Claudio"]
[Result "1-0"]
[WhiteElo "2046"]
[BlackElo "1728"]
[PlyCount "117"]
[EventDate "2003.10.10"]

1. e4 e5 2. Nf3 d6 3. Bc4 c6 4. O-O Be7 5. d4 Nd7 6. dxe5 dxe5 7. Bb3 Ngf6 8.
Re1 Qc7 9. Bg5 O-O 10. c3 Nc5 11. Bc2 Bg4 12. Nbd2 Rad8 13. Qe2 Ne6 14. Be3
Rfe8 15. h3 Bh5 16. Nf1 Nf4 17. Bxf4 exf4 18. e5 Nd7 19. e6 Nf6 20. exf7+ Bxf7
21. Bf5 Bc5 22. Qc2 g6 23. Bd3 Rd5 24. Rxe8+ Nxe8 25. Re1 Nf6 26. N1h2 Kg7 27.
b4 Bf8 28. a3 a5 29. Bc4 Rd6 30. Bxf7 Qxf7 31. Nd4 Qd5 32. Nhf3 Qc4 33. Ne5 Qd5
34. Qc1 axb4 35. axb4 Nh5 36. Nef3 Kg8 37. Re5 Qf7 38. Qe1 h6 39. Qe4 Bg7 40.
Re8+ Kh7 41. Re7 Qd5 42. Qxd5 Rxd5 43. Rxb7 Kg8 44. Rc7 Rd6 45. Kf1 g5 46. Ke2
Bxd4 47. Nxd4 Nf6 48. Rxc6 Rxc6 49. Nxc6 Ne4 50. c4 Kf7 51. f3 Ng3+ 52. Kd3 Ke6
53. Nd4+ Kd6 54. c5+ Kd5 55. c6 Kd6 56. b5 h5 57. b6 Nf1 58. c7 Kd7 59. Nc6 1-0

[Event "C.to Provinciale BG"]
[Site "Bergamo ITA"]
[Date "2003.11.28"]
[Round "8"]
[White "Di Mauro, Valerio"]
[Black "Romano, Zeno"]
[Result "0-1"]
[WhiteElo "1494"]
[BlackElo "1506"]
[PlyCount "90"]
[EventDate "2003.10.10"]

1. e4 e5 2. Nf3 Nc6 3. d4 exd4 4. Bc4 Bb4+ 5. c3 dxc3 6. O-O d6 7. h3 Nf6 8.
Nxc3 Bxc3 9. bxc3 h6 10. Re1 O-O 11. Ba3 Re8 12. e5 dxe5 13. Qxd8 Rxd8 14. Nxe5
Nxe5 15. Rxe5 Bd7 16. Rd1 Re8 17. Re7 Be6 18. Bxe6 Rxe7 19. Bxe7 fxe6 20. Bxf6
gxf6 21. Rd7 Rc8 22. Re7 e5 23. f3 b5 24. Kf2 a5 25. Rd7 b4 26. cxb4 axb4 27.
Ke3 c5 28. Rb7 Ra8 29. Rc7 Rxa2 30. Rxc5 Rxg2 31. Rc1 b3 32. f4 Rg3+ 33. Ke4
exf4 34. Kxf4 Rxh3 35. Kf5 Rf3+ 36. Kg6 Kf8 37. Rb1 Ke7 38. Kxh6 f5 39. Kg5 Kd6
40. Kf6 Kc5 41. Ke5 Kc4 42. Rc1+ Rc3 43. Rb1 Rc2 44. Kxf5 b2 45. Ke4 Kc3 0-1

[Event "C.to Provinciale BG"]
[Site "Bergamo ITA"]
[Date "2003.11.28"]
[Round "8"]
[White "Elsido, Massimo"]
[Black "Cambieri, Mario"]
[Result "0-1"]
[WhiteElo "1588"]
[BlackElo "1774"]
[PlyCount "132"]
[EventDate "2003.10.10"]

1. e4 c5 2. c3 d5 3. exd5 Qxd5 4. Nf3 Nf6 5. d4 cxd4 6. cxd4 e6 7. Nc3 Qd8 8.
Bc4 Nbd7 9. O-O Be7 10. Ne5 a6 11. Qe2 O-O 12. Bg5 Nb6 13. Rad1 Nxc4 14. Qxc4
b5 15. Qd3 Bb7 16. Rfe1 Qc7 17. Re3 h6 18. Bh4 Nd5 19. Nxd5 Bxd5 20. Bxe7 Qxe7
21. b3 Rac8 22. Qd2 Rfd8 23. Rg3 Kh8 24. Qf4 Rc7 25. Rc1 Rdc8 26. Rxc7 Rxc7 27.
Nd3 f6 28. Qd2 Bb7 29. Nc5 Bc8 30. b4 Qd6 31. Rc3 Bb7 32. Nxb7 Rxb7 33. Qe2 f5
34. Qd2 Rd7 35. Rd3 Qd5 36. f4 Rc7 37. Rc3 Rxc3 38. Qxc3 Qxa2 39. h3 Qd5 40.
Qd2 Kg8 41. Kf2 Kf7 42. Qc3 g5 43. fxg5 hxg5 44. g3 Kf6 45. Qe3 Qa2+ 46. Kf3
Qd5+ 47. Kf2 Qd6 48. Qd2 Kg6 49. Qc3 Qd5 50. Qc5 Qa2+ 51. Kf3 Qb3+ 52. Kg2 Qe3
53. Qe5 Qb3 54. Qc5 Qa4 55. d5 Qa2+ 56. Kf3 Qxd5+ 57. Qxd5 exd5 58. Ke3 Kf6 59.
Kd4 f4 60. gxf4 gxf4 61. Kd3 Kg5 62. Ke2 d4 63. Kf3 d3 64. Kf2 Kh4 65. Ke1 Kxh3
66. Kd2 Kg2 0-1

[Event "C.to Provinciale BG"]
[Site "Bergamo ITA"]
[Date "2003.11.28"]
[Round "8"]
[White "Gerali, Paolo"]
[Black "Gozzini, Giambattista"]
[Result "0-1"]
[WhiteElo "1500"]
[BlackElo "1600"]
[PlyCount "100"]
[EventDate "2003.10.10"]

1. d4 Nf6 2. c4 g6 3. Nc3 Bg7 4. e4 O-O 5. f3 d6 6. Be3 c6 7. Bd3 a6 8. Qd2 e5
9. d5 cxd5 10. cxd5 Nbd7 11. Nge2 b5 12. Rc1 Nb6 13. O-O Bd7 14. b4 Rc8 15. Rc2
Nc4 16. Bxc4 Rxc4 17. Nb1 Rxc2 18. Qxc2 Qc8 19. Rc1 Qxc2 20. Rxc2 Rc8 21. Rxc8+
Bxc8 22. Nd2 Kf8 23. Kf2 Ke8 24. Nb3 Bd7 25. Ke1 Kd8 26. Kd2 Kc7 27. Kd3 Ng8
28. g4 f5 29. exf5 gxf5 30. g5 f4 31. Bf2 Bf5+ 32. Kd2 Ne7 33. Nc3 Bg6 34. Ke2
Bf7 35. Nd2 Nxd5 36. Nxd5+ Bxd5 37. a3 Bc4+ 38. Kd1 d5 39. Bc5 Bd3 40. h4 e4
41. fxe4 dxe4 42. h5 e3 43. Nf3 Kd8 44. h6 Bc3 45. Bd4 e2+ 46. Kc1 e1=Q+ 47.
Nxe1 Bxe1 48. Kd1 Bh4 49. Kd2 Bc4 50. g6 Bg8 0-1

[Event "C.to Provinciale BG"]
[Site "Bergamo ITA"]
[Date "2003.11.28"]
[Round "8"]
[White "Riva, Carlo"]
[Black "Asperti, Fabio"]
[Result "0-1"]
[WhiteElo "1519"]
[BlackElo "1606"]
[PlyCount "98"]
[EventDate "2003.10.10"]

1. e4 g6 2. d4 Bg7 3. Nf3 d6 4. h3 Nf6 5. Bd3 O-O 6. O-O c6 7. Be3 b5 8. Qd2 a5
9. Bh6 Ba6 10. Bxg7 Kxg7 11. Re1 Nbd7 12. e5 dxe5 13. Nxe5 Qc7 14. Nxd7 Qxd7
15. c3 Rad8 16. Re3 Qd6 17. Rg3 c5 18. dxc5 Qxc5 19. b4 axb4 20. cxb4 Qd4 21.
Qc3 e5 22. Qxd4 Rxd4 23. a3 Rfd8 24. Be2 Ne4 25. Rb3 Rc8 26. Bd3 Rc1+ 27. Kh2
Nxf2 28. Be2 Rh1+ 29. Kg3 Ne4+ 30. Kf3 Nd2+ 31. Nxd2 Rxa1 32. Ke3 f5 33. Nf3
Re4+ 34. Kf2 Ra2 35. Ng1 Bb7 36. Rc3 Bd5 37. Kf1 Ra1+ 38. Kf2 Rxg1 39. Bxb5
Rxg2+ 40. Kf1 Rf4+ 41. Ke1 Rff2 42. Rd3 Be4 43. Rc3 Rb2 44. Ba4 Rb1+ 45. Bd1
Rg1+ 46. Ke2 f4 47. Ba4 Rb2+ 48. Bc2 Rxc2+ 49. Rxc2 Bxc2 0-1

[Event "C.to Provinciale BG"]
[Site "Bergamo ITA"]
[Date "2003.11.28"]
[Round "8"]
[White "Scarpellini, Felice"]
[Black "Longo, Pietro"]
[Result "0-1"]
[WhiteElo "1648"]
[BlackElo "1588"]
[PlyCount "94"]
[EventDate "2003.10.10"]

1. c4 e5 2. Nc3 d6 3. g3 f5 4. Bg2 Nf6 5. e3 Be7 6. Nge2 O-O 7. O-O c6 8. d4
Na6 9. b3 Qe8 10. Bb2 Qh5 11. f3 Be6 12. d5 Bd7 13. Qd2 c5 14. Nb5 Bxb5 15.
cxb5 Nc7 16. Nc3 g5 17. a4 g4 18. f4 e4 19. Rad1 b6 20. Ba3 Nd7 21. b4 cxb4 22.
Bxb4 Nc5 23. Bxc5 bxc5 24. a5 Qe8 25. Rb1 Bf6 26. Rfd1 Bxc3 27. Qxc3 Nxb5 28.
Qc4 Na3 29. Qc3 Nxb1 30. Rxb1 Rb8 31. Ra1 Qb5 32. Bf1 Qb2 33. Qe1 Rb4 34. h3 h5
35. Rd1 Kf7 36. Rd2 Qc3 37. Qe2 Rb3 38. Kf2 Rfb8 39. Rc2 Qxc2 40. Qxc2 Rb2 41.
Qxb2 Rxb2+ 42. Ke1 Ra2 43. a6 Ke7 44. hxg4 hxg4 45. Bb5 Rg2 46. Bc6 Rxg3 47.
Kf2 Rf3+ 0-1

[Event "C.to Provinciale BG"]
[Site "Bergamo ITA"]
[Date "2003.11.28"]
[Round "8"]
[White "Stefanelli, Alfredo"]
[Black "Riggio, Mauro"]
[Result "0-1"]
[WhiteElo "1663"]
[BlackElo "1714"]
[PlyCount "90"]
[EventDate "2003.10.10"]

1. d4 Nf6 2. c4 c5 3. d5 b5 4. cxb5 a6 5. bxa6 Bxa6 6. Nc3 d6 7. g3 g6 8. Bg2
Bg7 9. Nf3 Nbd7 10. O-O Nb6 11. Re1 O-O 12. e4 Nfd7 13. Qc2 Ra7 14. Bd2 Qa8 15.
Qc1 Rc8 16. Bh6 Bh8 17. e5 Nxe5 18. Nxe5 Bxe5 19. f4 Bd4+ 20. Kh1 Nc4 21. f5
Ne5 22. fxg6 hxg6 23. Rxe5 Bxe5 24. Ne4 Qb7 25. Qg5 Qxb2 26. Rg1 Bb5 27. h4 Bg7
28. Qg4 Bd7 29. Qg5 Bxh6 30. Qxh6 Qg7 31. Qf4 Rxa2 32. Rf1 Ra4 33. Qf3 Bf5 34.
Ng5 Rca8 35. Qe3 Qe5 36. Qxe5 dxe5 37. d6 R8a7 38. dxe7 Rxe7 39. Bd5 Kg7 40. h5
f6 41. hxg6 fxg5 42. Rxf5 Kxg6 43. Rf8 Rd4 44. Bc6 c4 45. Be8+ Kg7 0-1

[Event "C.to Provinciale BG"]
[Site "Bergamo ITA"]
[Date "2003.11.28"]
[Round "8"]
[White "Testa, Luigi"]
[Black "Cattaneo, Dario"]
[Result "1-0"]
[WhiteElo "1512"]
[BlackElo "1393"]
[PlyCount "129"]
[EventDate "2003.10.10"]

1. e4 e6 2. d4 d5 3. e5 c5 4. c3 Nc6 5. Nf3 cxd4 6. cxd4 Bb4+ 7. Nc3 Nge7 8.
Bb5 Bxc3+ 9. bxc3 Bd7 10. O-O Nxe5 11. Bxd7+ Nxd7 12. Bg5 O-O 13. Qd2 Re8 14.
Rfe1 Qa5 15. Qd3 Nf8 16. Bd2 Qa6 17. Qc2 Nfg6 18. h3 Rac8 19. Rac1 b5 20. Qb2
Qc6 21. a3 a6 22. Rc2 Qd6 23. Ne5 f6 24. Nf3 Nc6 25. Rcc1 Na5 26. Qa2 Nc4 27.
a4 Nxd2 28. Nxd2 bxa4 29. Qxa4 e5 30. Nb3 Nf4 31. Re3 Re7 32. Rce1 e4 33. Nc5
Ra7 34. c4 f5 35. cxd5 Qxd5 36. f3 Ne6 37. Nxe6 Qxe6 38. fxe4 Qc4 39. Qxc4+
Rxc4 40. exf5 Rxd4 41. Ra1 Kf7 42. Ra5 Rd6 43. g4 g6 44. fxg6+ hxg6 45. Kg2 g5
46. Rxg5 a5 47. Rf3+ Rf6 48. Ra3 a4 49. Rb5 Rf4 50. Kg3 Rc4 51. h4 Rac7 52.
Rf5+ Kg7 53. Rf4 Rc3+ 54. Rf3 Rxa3 55. Rxa3 Rc4 56. h5 Rb4 57. Kh4 Kh6 58. Rf3
Kg7 59. Rf5 a3 60. Ra5 Rb3 61. Ra6 Rc3 62. h6+ Kh7 63. g5 Rb3 64. Kh5 Rh3+ 65.
Kg4 1-0